[Event "Titled Tuesday intern op 16th Apr Late"]
[Site "Chess.com INT"]
[Date "2024.04.16"]
[Round "3"]
[White "Bornholdt, Joa Max"]
[Black "Reinecke, Katharina"]
[Result "1-0"]
[WhiteElo "2268"]
[BlackElo "1962"]
[PlyCount "51"]
[EventDate "2024.04.16"]
[EventType "swiss (blitz)"]
[EventRounds "11"]
[EventCountry "USA"]
[SourceTitle "CB17_2024"]
[SourceDate "2024.04.24"]
[SourceVersion "1"]
[SourceVersionDate "2024.04.24"]
[SourceQuality "1"]

1. c3 c6 2. f4 d5 3. Nf3 g6 4. g3 Bg7 5. Bg2 e6 6. 0-0 Ne7 7. d3 0-0 8. Qe1 h5 9. e4 b6 10. Ng5 Bb7 11. Nd2 c5 12. a4 Nbc6 13. Ndf3 d4 14. c4 Na5 15. Qd1 Nac6 16. Nh4 Nb4 17. Rf2 Qd7 18. Bh3 f5 19. Nxg6 Nxg6 20. Qxh5 Rf6 21. e5 Nxf4 22. Qh7+ Kf8 23. exf6 Nxh3+ 24. Nxh3 Nxd3 25. fxg7+ Qxg7 26. Bh6 1-0

[Event "Titled Tuesday intern op 22nd Aug Late"]
[Site "Chess.com INT"]
[Date "2023.08.22"]
[Round "8"]
[White "Vaglio Munoz, Jaime"]
[Black "Bornholdt, Joa Max"]
[Result "0-1"]
[WhiteElo "2174"]
[BlackElo "2269"]
[PlyCount "82"]
[EventDate "2023.08.22"]
[EventType "swiss (blitz)"]
[EventRounds "11"]
[EventCountry "USA"]
[SourceTitle "EXT 2024"]
[Source "ChessBase"]
[SourceDate "2023.10.10"]
[SourceVersion "1"]
[SourceVersionDate "2023.10.10"]
[SourceQuality "1"]

1. Nf3 c5 2. c4 Nf6 3. b3 Nc6 4. Bb2 g6 5. g3 Bg7 6. Bg2 0-0 7. 0-0 d5 8. Ne5 Nxe5 9. Bxe5 d4 10. d3 Qb6 11. Nd2 Bf5 12. a3 a5 13. Rb1 Nd7 14. Bxg7 Kxg7 15. b4 axb4 16. axb4 cxb4 17. Qb3 Nc5 18. Qxb4 Qxb4 19. Rxb4 Ra2 20. Rd1 Bg4 21. Kf1 Nxd3 22. Rxb7 Ne5 23. h3 Be6 24. Rxe7 Nxc4 25. Nf3 Rd8 26. g4 Kf6 27. Rc7 d3 28. g5+ Kg7 29. exd3 Nb2 30. Rd2 Ra1+ 31. Ne1 Nxd3 32. Re2 Nf4 33. Re3 Rdd1 34. Rxe6 Nxe6 35. Ke2 Rxe1+ 36. Kf3 Nxc7 37. Kg3 Ra3+ 38. Kh4 Ne6 39. f4 Rg1 40. Bd5 Nxf4 41. Bc4 Rxh3# 0-1

[Event "Titled Tuesday intern op 01st Aug Late"]
[Site "Chess.com INT"]
[Date "2023.08.01"]
[Round "4"]
[White "Bornholdt, Joa Max"]
[Black "Papasimakopoulos, Alexandros"]
[Result "1/2-1/2"]
[WhiteElo "2269"]
[BlackElo "2409"]
[PlyCount "133"]
[EventDate "2023.08.01"]
[EventType "swiss (blitz)"]
[EventRounds "11"]
[EventCountry "USA"]
[SourceTitle "EXT 2024"]
[Source "ChessBase"]
[SourceDate "2023.10.10"]
[SourceVersion "1"]
[SourceVersionDate "2023.10.10"]
[SourceQuality "1"]

1. e4 e6 2. d4 d5 3. Nd2 Nf6 4. Bd3 c5 5. c3 Nc6 6. Ngf3 cxd4 7. cxd4 dxe4 8. Nxe4 Nxe4 9. Bxe4 Bb4+ 10. Bd2 Bxd2+ 11. Qxd2 Bd7 12. 0-0-0 Ne7 13. Kb1 Bc6 14. Bc2 Bxf3 15. gxf3 0-0 16. h4 Nf5 17. d5 Qf6 18. dxe6 fxe6 19. h5 Rad8 20. Qc1 Nd4 21. Be4 Nxf3 22. Rxd8 Rxd8 23. Ka1 Nd2 24. Bxb7 Qxf2 25. Bc8 Qb6 26. Re1 Qa5 27. Bxe6+ Kh8 28. h6 gxh6 29. Rg1 h5 30. Qc2 Nf3 31. Qf2 Qb6 32. Qxb6 axb6 33. Rf1 Nd4 34. Bc4 Nc2+ 35. Kb1 Ne3 36. Rc1 h4 37. Be6 Rd6 38. Bh3 Kg7 39. a4 Kf6 40. Ka2 Ke5 41. Rc7 h6 42. Rg7 Kf4 43. Ka3 Rd1 44. b4 Rh1 45. Bc8 h3 46. Bb7 Ng2 47. Bxg2 hxg2 48. Rxg2 Kf5 49. a5 bxa5 50. bxa5 h5 51. Kb4 h4 52. Kb5 h3 53. Rg8 h2 54. Rh8 Rb1+ 55. Kc6 h1Q+ 56. Rxh1 Rxh1 57. a6 Rc1+ 58. Kb7 Rb1+ 59. Kc7 Ra1 60. Kb7 Rb1+ 61. Kc7 Ke6 62. a7 Ra1 63. Kb7 Kd7 64. a8Q Rb1+ 65. Ka7 Ra1+ 66. Kb7 Rxa8 67. Kxa8 1/2-1/2

[Event "Titled Tuesday intern op 01st Aug Late"]
[Site "Chess.com INT"]
[Date "2023.08.01"]
[Round "5"]
[White "Klukin, Kirill"]
[Black "Bornholdt, Joa Max"]
[Result "1-0"]
[WhiteElo "2390"]
[BlackElo "2269"]
[PlyCount "115"]
[EventDate "2023.08.01"]
[EventType "swiss (blitz)"]
[EventRounds "11"]
[EventCountry "USA"]
[SourceTitle "EXT 2024"]
[Source "ChessBase"]
[SourceDate "2023.10.10"]
[SourceVersion "1"]
[SourceVersionDate "2023.10.10"]
[SourceQuality "1"]

1. g4 d5 2. Bg2 c6 3. g5 h6 4. h4 hxg5 5. hxg5 Rxh1 6. Bxh1 e5 7. d4 Nd7 8. e4 Be7 9. exd5 cxd5 10. Bxd5 Nb6 11. Bb3 Qxd4 12. Qf3 Be6 13. Bxe6 fxe6 14. Qh5+ Kd7 15. Ne2 Qe4 16. Nbc3 Qxc2 17. Be3 Rd8 18. Rd1+ Nd5 19. Qg4 Kc7 20. Rc1 Nxe3 21. fxe3 Qd2+ 22. Kf2 Kb8 23. Qxe6 Rf8+ 24. Kg2 Bc5 25. Qxe5+ Bd6 26. Qe4 Bc7 27. Rd1 Qxb2 28. Rd3 Qb6 29. Qg4 Qc6+ 30. Nd5 Ne7 31. e4 Nxd5 32. exd5 Qd6 33. Ng3 Qa6 34. Qe4 Qxa2+ 35. Qe2 Qxe2+ 36. Nxe2 Bd6 37. Nc3 a6 38. Ne4 Kc7 39. Rc3+ Kd7 40. Kh3 b5 41. Rc6 Rf3+ 42. Kg2 Re3 43. Rxd6+ Kc7 44. Rc6+ Kd8 45. Nc5 Re2+ 46. Kf3 Rd2 47. Ke4 b4 48. Rxa6 Rc2 49. Nd3 b3 50. Rb6 Rc4+ 51. Ke5 Rc3 52. Nf4 Re3+ 53. Kd6 Kc8 54. Ne6 g6 55. Nf4 Rf3 56. Nxg6 b2 57. Ne7+ Kd8 58. Rb8# 1-0

[Event "Titled Tuesday intern op 18th Jul Late"]
[Site "Chess.com INT"]
[Date "2023.07.18"]
[Round "3"]
[White "Bornholdt, Joa Max"]
[Black "Golubev, Mikhail"]
[Result "1-0"]
[WhiteElo "2265"]
[BlackElo "2461"]
[PlyCount "73"]
[EventDate "2023.07.18"]
[EventType "swiss (blitz)"]
[EventRounds "11"]
[EventCountry "USA"]
[SourceTitle "EXT 2024"]
[Source "ChessBase"]
[SourceDate "2023.10.10"]
[SourceVersion "1"]
[SourceVersionDate "2023.10.10"]
[SourceQuality "1"]

1. e4 c5 2. c3 d5 3. exd5 Nf6 4. d4 Nxd5 5. Nf3 e6 6. Bd3 Nc6 7. 0-0 Be7 8. a3 cxd4 9. cxd4 0-0 10. Nc3 Bf6 11. Re1 Nxd4 12. Nxd4 Bxd4 13. Bxh7+ Kxh7 14. Qxd4 Nxc3 15. Qxc3 b6 16. Qf3 Qd5 17. Qh3+ Kg8 18. Bf4 Bb7 19. Re5 Qc4 20. Rh5 f6 21. Rh4 Rfc8 22. Rd1 Bd5 23. Rh8+ Kf7 24. Qh5+ Ke7 25. Rh7 Qxf4 26. Rxg7+ Kd6 27. Qf7 Kc6 28. Qd7+ Kc5 29. Rg3 b5 30. Rc3+ Kb6 31. Rxc8 Rxc8 32. Qxc8 Qg4 33. Qb8+ Ka6 34. Qd6+ Kb7 35. Qd7+ Kb6 36. Qd8+ Kb7 37. Rxd5 1-0

[Event "Titled Tuesday intern op 18th Jul Late"]
[Site "Chess.com INT"]
[Date "2023.07.18"]
[Round "5"]
[White "Riehle, Marco"]
[Black "Bornholdt, Joa Max"]
[Result "1-0"]
[WhiteElo "2368"]
[BlackElo "2265"]
[PlyCount "79"]
[EventDate "2023.07.18"]
[EventType "swiss (blitz)"]
[EventRounds "11"]
[EventCountry "USA"]
[SourceTitle "EXT 2024"]
[Source "ChessBase"]
[SourceDate "2023.10.10"]
[SourceVersion "1"]
[SourceVersionDate "2023.10.10"]
[SourceQuality "1"]

1. e4 e5 2. Nf3 Nc6 3. d4 exd4 4. Bc4 Nf6 5. 0-0 Nxe4 6. Nc3 Nxc3 7. bxc3 d5 8. Bd3 Be7 9. Re1 0-0 10. cxd4 Bg4 11. c3 Re8 12. h3 Bh5 13. Bf4 Bf8 14. Rxe8 Qxe8 15. Bxc7 Rc8 16. Bg3 Na5 17. Bxh7+ Kxh7 18. Ng5+ Kg6 19. Qd3+ f5 20. h4 Qe2 21. Qxe2 Bxe2 22. Re1 Re8 23. Nh3 Bb5 24. Be5 Bc4 25. Re3 Bxa2 26. Rg3+ Kf7 27. Ng5+ Ke7 28. Nh7 Nc6 29. Nxf8 Rxf8 30. Bxg7 Rf7 31. h5 f4 32. Rg4 Rf5 33. Rh4 Bb1 34. h6 Rg5 35. h7 Bxh7 36. Rxh7 Kd6 37. Bf8+ Ke6 38. Rxb7 Rf5 39. Bc5 Rf7 40. Rb1 1-0

[Event "Titled Tuesday intern op 11th Jul Late"]
[Site "Chess.com INT"]
[Date "2023.07.11"]
[Round "3"]
[White "Bornholdt, Joa Max"]
[Black "Durarbayli, Vasif"]
[Result "0-1"]
[WhiteElo "2265"]
[BlackElo "2631"]
[PlyCount "44"]
[EventDate "2023.07.11"]
[EventType "swiss (blitz)"]
[EventRounds "11"]
[EventCountry "USA"]
[SourceTitle "EXT 2024"]
[Source "ChessBase"]
[SourceDate "2023.10.10"]
[SourceVersion "1"]
[SourceVersionDate "2023.10.10"]
[SourceQuality "1"]

1. e4 c5 2. c3 d5 3. exd5 Qxd5 4. d4 Nf6 5. Nf3 e6 6. Be3 cxd4 7. cxd4 Bb4+ 8. Nc3 0-0 9. Bd3 b6 10. 0-0 Bxc3 11. bxc3 Ba6 12. Bxa6 Nxa6 13. Ne5 Rac8 14. Qa4 Qb7 15. Rac1 Nb8 16. c4 Nc6 17. Rfd1 h6 18. Rd3 Rfd8 19. Rcd1 Nxe5 20. dxe5 Rxd3 21. Rxd3 Ng4 22. Bf4 Qe4 0-1

[Event "Titled Tuesday intern op 11th Jul Late"]
[Site "Chess.com INT"]
[Date "2023.07.11"]
[Round "1"]
[White "Montano, Vicente Guadalupe"]
[Black "Bornholdt, Joa Max"]
[Result "0-1"]
[WhiteElo "1809"]
[BlackElo "2265"]
[PlyCount "52"]
[EventDate "2023.07.11"]
[EventType "swiss (blitz)"]
[EventRounds "11"]
[EventCountry "USA"]
[SourceTitle "EXT 2024"]
[Source "ChessBase"]
[SourceDate "2023.10.10"]
[SourceVersion "1"]
[SourceVersionDate "2023.10.10"]
[SourceQuality "1"]

1. d4 d5 2. c4 e6 3. cxd5 exd5 4. Nc3 Nf6 5. Bg5 c6 6. Qc2 h6 7. Bh4 Bd6 8. e3 0-0 9. Bd3 Re8 10. Nge2 a5 11. h3 Na6 12. a3 Nc7 13. 0-0 Ne6 14. e4 dxe4 15. Nxe4 Be7 16. Rad1 Nxe4 17. Bxe7 Qxe7 18. Bxe4 Ng5 19. Ng3 Nxe4 20. Rfe1 f5 21. f3 Qh4 22. fxe4 Qxg3 23. e5 Be6 24. Qc3 Qg5 25. Qe3 f4 26. Qc3 Bd5 0-1

[Event "Titled Tuesday intern op 11th Jul Late"]
[Site "Chess.com INT"]
[Date "2023.07.11"]
[Round "2"]
[White "Perez Ponsa, Federico"]
[Black "Bornholdt, Joa Max"]
[Result "1-0"]
[WhiteElo "2527"]
[BlackElo "2265"]
[PlyCount "65"]
[EventDate "2023.07.11"]
[EventType "swiss (blitz)"]
[EventRounds "11"]
[EventCountry "USA"]
[SourceTitle "EXT 2024"]
[Source "ChessBase"]
[SourceDate "2023.10.10"]
[SourceVersion "1"]
[SourceVersionDate "2023.10.10"]
[SourceQuality "1"]

1. e4 e5 2. Nf3 Nc6 3. d4 exd4 4. Nxd4 Bc5 5. Nb3 Bb6 6. Qe2 d6 7. Nc3 Nf6 8. Be3 0-0 9. 0-0-0 Re8 10. f3 Be6 11. g4 Bxe3+ 12. Qxe3 a5 13. Bb5 Nd7 14. a4 Nb4 15. Nd4 c6 16. Be2 Nc5 17. Nf5 Bxf5 18. gxf5 Qf6 19. Qd4 Qxd4 20. Rxd4 d5 21. Rhd1 Kf8 22. Bf1 dxe4 23. fxe4 Ke7 24. e5 Kf8 25. Re1 Rad8 26. Rh4 h6 27. Bc4 Re7 28. Rg4 Red7 29. Reg1 Rd2 30. Rxg7 Rxc2+ 31. Kb1 Rdd2 32. Rxf7+ Ke8 33. Rg8# 1-0

[Event "Titled Tuesday intern op 27th Jun Late"]
[Site "Chess.com INT"]
[Date "2023.06.27"]
[Round "8"]
[White "Moral Garcia, Serafin"]
[Black "Bornholdt, Joa Max"]
[Result "0-1"]
[WhiteElo "2240"]
[BlackElo "2260"]
[PlyCount "204"]
[EventDate "2023.06.27"]
[EventType "swiss (blitz)"]
[EventRounds "11"]
[EventCountry "USA"]
[SourceTitle "EXT 2024"]
[Source "ChessBase"]
[SourceDate "2023.10.10"]
[SourceVersion "1"]
[SourceVersionDate "2023.10.10"]
[SourceQuality "1"]

1. e4 e5 2. Nf3 Nc6 3. Nc3 Nf6 4. Nxe5 Nxe5 5. d4 Ng6 6. e5 Ng8 7. Bc4 d5 8. Bxd5 c6 9. Bb3 Be6 10. Bxe6 fxe6 11. Qg4 Qd7 12. Ne4 0-0-0 13. c3 Kb8 14. h4 Qf7 15. Ng5 Qf5 16. Qxf5 exf5 17. h5 Nxe5 18. dxe5 Nh6 19. Bf4 Kc8 20. Ne6 Re8 21. Nxf8 Rhxf8 22. 0-0 Ng4 23. Rfe1 Re6 24. f3 Nh6 25. Rad1 Nf7 26. Rd2 g5 27. hxg6 hxg6 28. g4 Rd8 29. Rxd8+ Nxd8 30. gxf5 gxf5 31. Kf2 Rg6 32. Rh1 Ne6 33. Be3 b6 34. Rh7 Kb8 35. Re7 f4 36. Bd2 Rh6 37. Ke2 Rh2+ 38. Kd3 Nc5+ 39. Kc2 Re2 40. Kd1 Rf2 41. Bxf4 Nd3 42. Bg3 Nxb2+ 43. Ke1 Nd3+ 44. Kd1 Nb2+ 45. Kc1 Nd3+ 46. Kb1 Rb2+ 47. Ka1 Rg2 48. Be1 Rg1 49. Kb1 Rxe1+ 50. Kc2 Nxe5 51. f4 Nf3 52. Rh7 Re4 53. f5 Rf4 54. Rf7 Ne5 55. Rf8+ Kc7 56. Kd2 Kd6 57. Ke3 Rf1 58. Rf6+ Kd5 59. Rf8 Ng4+ 60. Ke2 Rf2+ 61. Kd3 Ne5+ 62. Ke3 Ng4+ 63. Kd3 Rf3+ 64. Kc2 Ne3+ 65. Kb3 Rxf5 66. Ra8 a5 67. Ra6 Kc5 68. Ra8 Nc4 69. Rh8 b5 70. a4 Rf2 71. Rh5+ Kb6 72. axb5 cxb5 73. Rh6+ Kc5 74. Rc6+ Kd5 75. Rc5+ Ke4 76. Rxb5 Nd2+ 77. Ka4 Nc4 78. Kb3 Nd2+ 79. Ka4 Nf3 80. Kxa5 Kd3 81. Kb6 Kxc3 82. Rf5 Kd3 83. Kc7 Ke3 84. Rf8 Rd2 85. Kc6 Ne5+ 86. Kc5 Ke4 87. Re8 Rd5+ 88. Kb4 Rd1 89. Kc5 Rc1+ 90. Kb5 Kd5 91. Rd8+ Ke6 92. Rd2 Nd7 93. Re2+ Kd6 94. Rd2+ Kc7 95. Re2 Rb1+ 96. Kc4 Kd6 97. Kd4 Ne5 98. Rh2 Nf3+ 99. Ke3 Nxh2 100. Kd2 Rb3 101. Kc2 Rf3 102. Kd2 Kd5 0-1

[Event "Titled Tuesday intern op 27th Jun Late"]
[Site "Chess.com INT"]
[Date "2023.06.27"]
[Round "2"]
[White "Vaglio Munoz, Jaime"]
[Black "Bornholdt, Joa Max"]
[Result "0-1"]
[WhiteElo "2174"]
[BlackElo "2260"]
[PlyCount "76"]
[EventDate "2023.06.27"]
[EventType "swiss (blitz)"]
[EventRounds "11"]
[EventCountry "USA"]
[SourceTitle "EXT 2024"]
[Source "ChessBase"]
[SourceDate "2023.10.10"]
[SourceVersion "1"]
[SourceVersionDate "2023.10.10"]
[SourceQuality "1"]

1. Nf3 d5 2. c4 e6 3. b3 b6 4. Bb2 Bb7 5. g3 c5 6. cxd5 exd5 7. Bg2 Nf6 8. d4 Nc6 9. 0-0 Be7 10. Nc3 0-0 11. Rc1 Rc8 12. Re1 Ne4 13. dxc5 Bxc5 14. e3 Bb4 15. Re2 Ne7 16. Nxe4 dxe4 17. Nd4 Qd5 18. a3 Bd6 19. Rd2 Rfd8 20. b4 h5 21. Rxc8 Nxc8 22. Nb5 Qxb5 23. a4 Qxb4 24. Rd4 Qxb2 25. Qxh5 Be7 26. Rxd8+ Bxd8 27. Qg5 Bxg5 28. h4 Qc1+ 29. Kh2 Bf6 30. h5 Qd2 31. Kg1 Nd6 32. g4 Nc4 33. h6 Bh4 34. Kh2 Qxf2 35. h7+ Kxh7 36. Kh1 Bg3 37. g5 Qe1+ 38. Bf1 Qxf1# 0-1